Most Popular Fast Food in the U.S. - Statistics

General Stats
  • This quiz has been taken 22 times
  • The average score is 10 of 15
Answer Stats
Answer Total Revenue in 2024 % Correct
McDonald's $53.5 billion
100%
Burger King $11 billion
95%
Wendy's $12.6 billion
95%
Taco Bell $16.2 billion
90%
Starbucks $31.5 billion
85%
Chick-fil-A $22.7 billion
70%
Chipotle $11.2 billion
65%
Dunkin' $12.5 billion
65%
Subway $9.5 billion
65%
Domino's $9.5 billion
60%
Panera Bread $6.1 billion
60%
Pizza Hut $5.6 billion
55%
Popeyes $5.7 billion
45%
Panda Express $6.2 billion
15%
Texas Roadhouse $5.5 billion
0%
No matching quizzes found
Score Distribution
Percent of People with Each Score
Percentile by Number Answered
Your Score History
You have not taken this quiz